00890nam a2200217Ia 4500008004100000020001800041020001800059040001800077041000800095100003200103245024500135260007700380300001800457504004200475650002900517650002300546650002700569650002100596650002200617650003300639130821s2012 ck gr spa  a9789588757100 a9789588757148 aCo-BoUCMbspa00aspa1 aRojas López, Juan Gabriel14aLos presupuesto procesales en el derecho procesal administrativo estudio comparativo de los presupuestos procesales en el derecho procesal administrativo a la luz del decreto 01 de 1984 y de la ley 1437 de 2011cJuan Gabriel Rojas López. aMedellín (Antioquia, Colombia)bLibrería jurídica Sanchez R.c2012 a131 páginas aIncluye referencias bibliográficas.04aAcción de cumplimiento04aAcciones populares04aDerecho administrativo04aDerecho procesal04aNulidad (Derecho)04aProcedimiento administrativo